000 02690cam a22005414i 4500
003 PE-LiUPU
005 20250731165455.0
008 150623s r 000 0 d
020 _a1850756643
035 _a(Sirsi) i9781850756644
040 _aPE-LiUPU
_bspa
_cPE-LiUPU
_erda
049 _aPRUA
082 0 4 _a221.07
_bJ
_221
245 0 0 _aEschatology in the bible and in Jewish and Christian tradition /
_ceditado por Henning Graf Reventlow.
264 1 _aMidsomer Norton, Both, Great Britain :
_bSheffield Academic Press,
_c1997.
300 _a267 páginas ;
_c24 centímetros
336 _atext
_2rdacontent
337 _aunmediated
_2rdamedia
338 _avolume
_2rdacarrier
490 0 _aJournal for the study of the O.T. Supplement Series ;
_v243
504 _aBibliografía al final de cada capítulo.
505 0 _aMessianism and Zionism. -Early Christian faith as `Hope against Hope'. -No all is in the Hands of heaven: eschatology and Kabbalah. -Eschatology in the book of Jeremiah. -Points of departure for a Christian eschatology. -The son of man and the angels: reflections on the formation of christology in the context of eschatology. -Eschatological motives in Qumran literature: The messianic concept. -Leadership and messianism in the time of the mishnah. -The eschatologization of the prophetic books: a comparative study. -Character and function of divine sayings in the Elijah and Elisha traditions. -From prophetic to apocalyptic eschatology. -Expextations to the divine kingdom in biblical and postbiblical literature.
526 _aSEG44
526 _aSEG26
526 _aP151
526 _aP150
526 _aP149
526 _aP146
526 _aP145
526 _aP126
526 _aP125
526 _aP92
526 _aP75
526 _aP74
526 _aP27
526 _aP15
650 0 4 _aEscatología judía
_xCongresos.
650 0 4 _aEscatología
_xEnseñanza bíblica
_xCongresos.
650 0 4 _aEscatología
_xEstudios comparativos
_xCongresos.
650 0 4 _aEscatología
_xHistoria de las doctrinas
_xCongresos.
700 1 _aReventlow, Henning gráficos,
_eed.
942 _2ddc
_cBOOK
949 _aRC 221.07 J 243
_wDEWEY
_c1
_i45032
_lCCODEBUL1
_mBUL
_r0
_sY
_tBOOK
_u2015-6-24
_xTEOLOGIA
_PP35
_0COMPRA
_o.CIRCNOTE. No olvidar cambiar la fecha de devolución!!!!!!!
_o.STAFF. Colección General
994 _aC0
_bPEPRU
596 _a1
999 _aRC 221.07 J 243
_wDEWEY
_c21912
_i45032
_f2021-11-8
_g6
_lCCODEBUL1
_mBUL
_r1
_sY
_tBOOK
_u2015-6-24
_xTEOLOGIA
_PP35
_0COMPRA
_o.CIRCNOTE. No olvidar cambiar la fecha de devolución!!!!!!!
_o.STAFF. Colección General
_d21912
980 _81
_gALBERTO SANCHEZ Responsable de Automatización